00545nam a22001697a 450000500170000001000150001702000260003203500130005803700130007108200080008424500830009225000130017526000550018827000680024330000310031170000330034220160720120404.0 aENG-115464 a9789385493430c150.00 aEN-98996 bDBAD/PUB a910 aRathore IAS Mains geography(Optional) /cedited by Kunwar Ishwar Singh Rathore aed. 2016 aNew DelhibRathore Publishers & Distributorsc2016 a202, 2nd Floor 4832/24 Ansari Road,DaryaganjbNew Delhie110002 aVarious pagingsc24cm(pbk) aRathore,Kunwar Ishwar Singh